The garden city movement up-to-date, (Record no. 352943)
[ view plain ]
| 000 -LEADER | |
|---|---|
| fixed length control field | 00855 a2200241 4500 |
| 003 - CONTROL NUMBER IDENTIFIER | |
| control field | OSt |
| 005 - DATE AND TIME OF LATEST TRANSACTION | |
| control field | 20180116192351.0 |
| 008 - FIXED-LENGTH DATA ELEMENTS--GENERAL INFORMATION | |
| fixed length control field | 120601t xxu||||| |||| 00| 0 eng d |
| 010 ## - LIBRARY OF CONGRESS CONTROL NUMBER | |
| LC control number | 13017352 |
| 020 ## - INTERNATIONAL STANDARD BOOK NUMBER | |
| International Standard Book Number | 9781152255913 |
| 035 ## - SYSTEM CONTROL NUMBER | |
| System control number | (OCoLC)4787524 |
| 040 ## - CATALOGING SOURCE | |
| Transcribing agency | 0 |
| 082 ## - DEWEY DECIMAL CLASSIFICATION NUMBER | |
| Classification number | 726.09 |
| 100 1# - MAIN ENTRY--PERSONAL NAME | |
| Personal name | Culpin, Ewart G. |
| 9 (RLIN) | 3513 |
| 245 14 - TITLE STATEMENT | |
| Title | The garden city movement up-to-date, |
| Statement of responsibility, etc. | by Ewart G. Culpin (secretary to the Garden cities and town planning association) |
| 260 ## - PUBLICATION, DISTRIBUTION, ETC. | |
| Place of publication, distribution, etc. | London : |
| Name of publisher, distributor, etc. | The Garden cities and town planning association; |
| Date of publication, distribution, etc. | [1913]. |
| 300 ## - PHYSICAL DESCRIPTION | |
| Extent | 66 p. : |
| Dimensions | 25 cm. |
| 650 10 - SUBJECT ADDED ENTRY--TOPICAL TERM | |
| Topical term or geographic name entry element | Garden cities |
| Geographic subdivision | Great Britain. |
| 9 (RLIN) | 3514 |
| 650 10 - SUBJECT ADDED ENTRY--TOPICAL TERM | |
| Topical term or geographic name entry element | City planning |
| 9 (RLIN) | 3515 |
| 710 2# - ADDED ENTRY--CORPORATE NAME | |
| Corporate name or jurisdiction name as entry element | Town and Country Planning Association (Great Britain) |
| 9 (RLIN) | 3516 |
| 942 ## - ADDED ENTRY ELEMENTS (KOHA) | |
| Institution code [OBSOLETE] | SADA |
| Koha item type | Book |
| Call number prefix | 726.09 CUL 1913 |
| Source of classification or shelving scheme | |
| Withdrawn status | Lost status | Source of classification or shelving scheme | Damaged status | Not for loan | Permanent Location | Current Location | Date acquired | Total Checkouts | Total Renewals | Full call number | Barcode | Date last seen | Date last checked out | Cost, replacement price | Price effective from | Koha item type |
|---|---|---|---|---|---|---|---|---|---|---|---|---|---|---|---|---|
| School of Art Design and Architecture (SADA) | School of Art Design and Architecture (SADA) | 04/20/2011 | 2 | 1 | 726.09 CUL 1913 | SADA0001019 | 12/11/2013 | 10/21/2013 | 1837.00 | 08/05/2011 | Book |
